Normal view MARC view
  • ALLMAN,F.WILLIAM

Entry Personal Name

Number of records used in: 1

001 - CONTROL NUMBER

  • control field: 133594

003 - CONTROL NUMBER IDENTIFIER

  • control field: NUST

005 - DATE AND TIME OF LATEST TRANSACTION

  • control field: 20260306111504.0

008 - FIXED-LENGTH DATA ELEMENTS

  • fixed length control field: 260306|| aca||aabn | a|a d

040 ## - CATALOGING SOURCE

  • Original cataloging agency: NUST
  • Transcribing agency: NUST

100 ## - HEADING--PERSONAL NAME

  • Personal name: ALLMAN,F.WILLIAM

670 ## - SOURCE DATA FOUND

  • Source citation: Work cat.: (NUST): ALLMAN,F.WILLIAM., THE STONE AGE PRESENT HOW EVOLUTION HAS SHAPED MODERN LIFE FROM SEX VIOLENCE AND LANGUAGE TO EMOTIONS MORALS AND COMMUNITIES IONS MORALS AND COMMUNITIES /, 1994.
© 2023 Central Library, National University of Sciences and Technology. All Rights Reserved.